000 00668nam a22001577a 4500
003 OSt
005 20160325141302.0
008 160325b xxu||||| |||| 00| 0 eng d
040 _cRUA
082 _aATM HIN 2004 B473 Or.1
100 _98219
_aHIN LA, ហ៊ិន ឡា
245 _aការធ្វើនេសាទគីដោយប្រើឧបករណ៍ឈិបយន្តនៅតំបន់ឆ្នេរសមុទ្រភូមិ កោះកាពិ ឃុំកោះកាពិ ស្រុកកោះកុង ខេត្តកោះកុង
260 _aPhnom Penh
_bRUA
_c2004
300 _aiii; 12p.
_bill.
_c29cm.
942 _2ddc
_cATM
999 _c7842
_d7842